--Y Shakespeare leyó El Quijote / (Record no. 186189)

MARC details
000 -LEADER
campo de control de longitud fija 01165nam a2200301 i 4500
001 - NÚMERO DE CONTROL
campo de control 186189
003 - IDENTIFICADOR DE NÚMERO DE CONTROL
campo de control SpMaBN
005 - FECHA Y HORA DE LA ÚLTIMA TRANSACCIÓN
campo de control 20250804063444.0
008 - DATOS DE LONGITUD FIJA--INFORMACIÓN GENERAL
campo de control de longitud fija 160915s2016 sp a |||| | spa d
020 ## - NÚMERO INTERNACIONAL ESTÁNDAR DEL LIBRO
Número Internacional Estándar del Libro 978-84-7960-776-0
080 ## - NÚMERO DE LA CLASIFICACIÓN DECIMAL UNIVERSAL
Número de la Clasificación Decimal Universal 821.134.2-31"19"
100 1# - ENTRADA PRINCIPAL--NOMBRE DE PERSONA
Nombre de persona Gil-Delgado Crespo, José Enrique,
Fechas asociadas al nombre 1944-
9 (RLIN) 160882
245 10 - MENCIÓN DEL TÍTULO
Título --Y Shakespeare leyó El Quijote /
Mención de responsabilidad, etc. José Enrique Gil-Delgado Crespo.
250 ## - MENCION DE EDICION
Mención de edición 1ª ed. en Ediciones de la Torre.
260 ## - PUBLICACIÓN, DISTRIBUCIÓN, ETC.
Lugar de publicación, distribución, etc. Madrid :
Nombre del editor, distribuidor, etc. Ediciones de la Torre,
Fecha de publicación, distribución, etc. 2016.
300 ## - DESCRIPCIÓN FÍSICA
Extensión 373 p. :
Otras características físicas il. ;
Dimensiones 24 cm.
490 1# - MENCIÓN DE SERIE
Mención de serie Nuestro mundo.
-- Ficción ;
Designación de volumen o secuencia 4
490 1# - MENCIÓN DE SERIE
Mención de serie Ediciones de la Torre ;
Designación de volumen o secuencia 619
500 ## - NOTA GENERAL
Nota general Índice.
700 1# - ENTRADA AGREGADA--NOMBRE PERSONAL
Nombre de persona Trillo-Figueroa, Federico.
9 (RLIN) 111436
830 0# - PUNTO DE ACCESO ADICIONAL DE SERIE-TÍTULO UNIFORME
Título uniforme Nuestro mundo.
-- Ficción ;
Designación de volumen o secuencia 4
9 (RLIN) 225367
830 0# - PUNTO DE ACCESO ADICIONAL DE SERIE-TÍTULO UNIFORME
Título uniforme Ediciones de la Torre ;
Designación de volumen o secuencia 619
9 (RLIN) 192503
852 ## - LOCALIZACIÓN
Ubicación ES-MaACL
Número de control de estantería A-13943
itemnumber 193242
Sublocalización o colección R.151215
Ubicación en estantería Depósito 1
Signatura antigua Olim: N-6943
Anotaciones manuscritas Dedicatoria autógrafa del autor
Donativo/Legado Donación: José Enrique Gil- Delgado Crespo
903 ## - NOMBRE PERSONAL DE DONANTE
a Gil-Delgado Crespo, José Enrique,
d 1944-
e Donante
9 160882
942 ## - ELEMENTOS DE ENTRADA SECUNDARIOS (KOHA)
Fuente del sistema de clasificación o colocación Clasificación decimal universal
Tipo de ítem Koha Libro impreso
Holdings
Estatus retirado Estado de pérdida Fuente del sistema de clasificación o colocación Estado de daño No para préstamo Colección Biblioteca de origen Biblioteca actual Ubicación en estantería Fecha de adquisición Fuente de adquisición Total de préstamos Signatura topográfica completa Código de barras Visto por última vez Precio de reemplazo Tipo de ítem Koha Nota pública
    Clasificación decimal universal     Libros con dedicatorias Biblioteca del Ateneo de Madrid Biblioteca del Ateneo de Madrid Depósito 1 15/09/2016 Donación   N-6943 1196299 23/02/2023 23/02/2023 Libro impreso Dedicatoria autógrafa del autor